| 000 | 00813nam a2200229Ii 4500 | ||
|---|---|---|---|
| 003 | JO-AjNU | ||
| 008 | 230605s9999||||xx |||||||||||||| ||und|| | ||
| 017 | _a2007/12/3572 | ||
| 020 | _a978-9957-00-339-5 | ||
| 040 |
_aJO-AjNU _bara _erda _cJO-AjNU |
||
| 041 | _aara | ||
| 050 | 1 | 4 | _aLC4601.S5222 2008 |
| 100 | 3 |
_aشاهين،عوني معين, _eauthor _922744 |
|
| 245 | 0 | 0 | _aالأطفال ذوي المتلازمة داون مرشد الآباء والمعلمين |
| 250 | _aط1 | ||
| 264 | 3 | 1 | _aعمان:دار الشروق،2008/رام الله:دار الشروق،2008 |
| 300 | _a264ص | ||
| 336 |
_atext _btxt _2rdacontent |
||
| 337 |
_aunmediated _bn _2rdamedia |
||
| 338 |
_avolume _bnc _2rdacarrier |
||
| 650 | 4 |
_aالتعليم الخاص-التربية-التعلم-طرق التعلم _922745 |
|
| 999 |
_aA8121 _c11689 _d11689 |
||